00441nam a2200109Ia 4500008004000000082001600040100002300056245008300079260004300162300001100205650011500216210210b2000 xxu||||| |||| 00| 0 eng d a649.65 HAFF aHAFFNER (Debra W). aFrom diapers to dating: a parent's guide to raising sexually healthy children. aMumbaibMagna Publishing Co Ltd.c2000 axi,236 aDating values children Parents guide Sexually health Infants Toddlers Birth Preschool Elementary sex education